Top 10 Longest Country Names by letters - Statistics

General Stats
  • This quiz has been taken 28 times
  • The average score is 6 of 10
Answer Stats
Hint Answer % Correct
6 United States of America
79%
8 Dominican Republic
71%
4 Saint Kitts and Nevis
71%
7 United Arab Emirates
67%
9 Papua New Guinea
63%
1 Saint Vincent and the Grenadines
58%
5 Trinidad and Tobago
58%
3 Antigua and Barbuda
50%
2 Bosnia and Herzegovina
46%
10 Solomon Islands
33%
No matching quizzes found
Score Distribution
Percent of People with Each Score
Percentile by Number Answered
Your Score History
You have not taken this quiz